00714nam a22001937a 4500003000400000005001700004008004100021020001500062040002900077050002600106100002800132245002500160260004800185300001000233650008700243942001500330952015800345999001700503OSt20250723122806.0250723b |||||||| |||| 00| 0 eng d a0702906367 cChuka University Library aLB 1051 .S26 2001 C.2 aJohn W. Santrock920223 aEducation Psychology aUnited States of AmericabMcGraw Hillc2001 a535P. a1Education Psychology 2. Learning Psychology of. 3. Motivation in Education920224 2lcccBKn0 00102lcc40708LGLaCHKbCHGcSBLd2025-07-01eFrom Prof. Hummfrey Kirimil0oLB 1051 .S26 2001 C.2p27266/2025r2025-07-23 12:29:28t2w2025-07-23yBK c19795d19795